Comportamiento político y electoral /

En el libro los autores intentan responder a algunas preguntas aparentemente sencillas sobre la relación que los ciudadanos mantienen con el sistema político: ¿Qué motiva el que algunos ciudadanos participen políticamente de manera intensa y otros no?¿Qué factores explican la abstención electoral?¿Q...

全面介绍

Guardado en:
书目详细资料
主要作者: Anduiza, Eva
其他作者: Bosch, Agustí
格式: Texto
出版: Barcelona: Edit. Ariel
主题:
标签: 添加标签
没有标签, 成为第一个标记此记录!

MARC

LEADER 00000 a a2200000 04500
001 32899
003
040
020 |a 84-344-1823-1  
090 |a 205500  
100 |a Anduiza, Eva  
245 |a Comportamiento político y electoral /  |c Eva Anduiza 
260 |a Barcelona:   |b Edit. Ariel  
300 |a 282 p.  
520 |a En el libro los autores intentan responder a algunas preguntas aparentemente sencillas sobre la relación que los ciudadanos mantienen con el sistema político: ¿Qué motiva el que algunos ciudadanos participen políticamente de manera intensa y otros no?¿Qué factores explican la abstención electoral?¿Qué elementos inciden sobre la orientación que se da al voto?. El libro analiza especialmente en qué medida la opción de voto por la que se decantan los ciudadanos se ve determinada por su posición en la estructura social, cuánto influyen los valores políticos, y hasta qué punto es importante el contexto político, económico y mediático en el que se desarrolla la convocatoria electoral. Además de estudiar las distintas formas de participación política con especial atención a la participación electoral, y de ofrecer un modelo explicativo de la orientación del voto, el libro proporciona herramientas conceptuales y metodológicas para el estudio del comportamiento electoral tanto sobre resultados como sobre encuestas  
650 |a COMPORTAMIENTO POLITICO  
650 |a PARTICIPACION POLITICA  
650 |a ELECCIONES  
650 |a TEORIA POLITICA  
650 |a CLASES SOCIALES  
650 |a ASPECTOS SOCIALES  
650 |a IDEOLOGIAS POLITICAS  
650 |a CONDICIONES SOCIALES  
650 |a PARTIDOS POLITICOS  
650 |a ESPEÑA  
650 |a EUROPA  
650 |a PARTICIPACION POLITICA  
650 |a ELECCIONES  
650 |a IDEOLOGIAS POLITICAS  
650 |a VOTACION  
700 |a Bosch, Agustí  
999 |c 16520  |d 16520